000 00472nam a2200157 a 4500
001 000030253
005 20200930060155.0
008 110505s1996 dr ac 000 0 spa d
040 _aDO-SdBNP
_bspa
_cBNPHU
082 _axxx
_bF981i
110 1 _aFundación de Desarrollo Agropecuario
_916453
245 1 0 _aInforme anual 1995.
260 _aSanto Domingo :
_bFundación de Desarrollo Agropecuario (FDA),
_c1996.
300 _a61 p. :
_bil., retr. ;
_c29 cm.
049 _aBNPD
999 _c29745
_d29745